000 01377nam a2200313 i 4500
003 DO-SdBNP
005 20250529100144.0
007 ta
008 230621b2022 dr a|||| |||| 00| 0 spa d
020 _a9789945500066
040 _aDO-SdBNP
_bspa
_cBNPHU
_erda
082 4 _axxx
_bxxx
_222
245 0 0 _aTodos los artes contemporáneos :
_bel arte contemporáneo y otros ensayos /
_cGisselle Marie Villeta Pellerano, Ronny de Jesús Ramírez Pichardo, Emelin Quevedo Márquez, Elisaury Suárez Martínez, Odette Saldívar Pérez, Rickelvis Yonaides Valerio Jiménez ; corrección Clara Dobarro
264 4 _aSanto Domingo :
_bEditora Nacional,
_c©2022.
300 _a86 páginas :
_bilustraciones ;
_c22 cm.
336 _atexto
_btxt
_2rdacontent
337 _asin mediación
_2rdamedia
_bn
338 _avolumen
_bnc
_2rdacarrier
490 _aEnsayo
500 _aIncluye referencias bibliográficas y notas al pie de las páginas
586 _aPremio Joven de Ensayo Max Henríquez Ureña 2021. Feria Internacional del Libro
590 _aInventariado, 2023/BT
700 1 _aRamírez Pichardo, Ronny de Jesús,
_eautor
_4aut.
_983568
700 1 _aQuevedo Márquez, Emelin,
_eautor
_4aut.
_983569
700 1 _aSuárez Pérez, Odette,
_eautor
_4aut.
_983570
700 1 _aValerio Jiménez, Richelvis Yonaides,
_eautor
_4aut.
_983571
910 _aBtavárez
942 _2ddc
_cLBS1
999 _c53891
_d53891